000 01912nam0a22003011 4500
001 rc\3130334
005 20120615095522.9
021 _aRU
_b[75-51712ж]
035 _a(NLR Aleph) 007314528
090 _a5845071
_c5845071
100 _a20120615d1975 |||y0rusy50 ca
101 0 _arus
102 _aRU
105 _aa z |||||
200 1 _aПрименение ЭВМ и математических методов в планировании и управлении на машиностроительных предприятиях
_e[Сборник статей
_fРед. коллегия: д-р экон. наук проф. Козлова О.В. (гл. ред.) и др.]
210 _aМосква
_cМИЭИ
_d1975
215 _a206 с., 1 л. схем.
_cграф.
_d20
225 1 _aМосковский инженерно-экономический институт имени Серго Орджоникидзе. Научные труды
_fНауч.-исслед. лаб. экономики и организации производства
_vВып. 96
320 _aСписки лит. в конце статей
532 1 2 _aПрименение электронных вычислительных машин и математических методов в планировании и управлении на машиностроительных предприятиях
606 _aМашиностроительные заводы
_xУправление
_xМатематические методы
_jСборники
_2psbo
606 _aМашиностроительные заводы
_xПланирование
_xМатематические методы
_jСборники
_2psbo
702 1 _aКозлова
_bО. В.
_gОлимпиада Васильевна
_4340
801 0 _aRU
_bNLR
_gpsbo
801 1 _aRU
_bELAR
_2rusmarc
852 _aNLR
_jП22/2073
942 _cBOOK
980 _aNB